Water resources. Environmental

Uloženo v:
Podrobná bibliografie
Hlavní autor: Cheremisinoff, Paul N (Autor)
Médium: Kniha
Jazyk:angličtina
Vydáno: Lancaster Technomic 1988
Edice:Civil Engineering Practice, 5
Témata:
Tagy: Přidat tag
Žádné tagy, Buďte první, kdo vytvoří štítek k tomuto záznamu!

MARC

LEADER 00000nam a2200000 a 4500
001 UCZ1058
003 CL-VaPUC
008 950810e19880000US |||||||||||||||||eng|d
082 0 4 |a 628.1  |b CHE  |2 21 
100 0 |a Cheremisinoff, Paul N  |e author  |9 344464 
245 1 0 |a Water resources. Environmental 
300 |a 813 p 
942 |c BK 
945 |d 19950810 00:00:00  |a awong 
260 |a Lancaster  |b Technomic  |c 1988 
650 0 |a Agua  |9 257149 
650 7 |a NECESIDADES DE AGUA  |2 CL-VaPUC  |9 261957 
650 7 |a RECURSOS DE AGUA  |2 CL-VaPUC  |9 261958 
650 7 |a SIMULACION  |2 CL-VaPUC  |9 338579 
650 0 |a Residuos   |9 343036 
650 0 |a Contaminación del agua  |9 261423 
583 |a last modification  |c 19950810 00:00:00  |k Rodrigo Vera 
490 0 |a Civil Engineering Practice, 5 
999 |c 237896  |d 237894 
952 |0 0  |1 0  |4 0  |6 628_100000000000000_CHE_1988  |7 0  |8 CCM  |9 247665  |a BIBCUR  |b BIBCUR  |d 2019-11-18  |i 3118835  |o 628.1 CHE 1988  |p 3118835  |r 2025-04-22  |w 2019-11-18  |y BK  |k CIM